Welcome to the Holygrace Academy Library

Please use search bar below to get started

A TREASURE OF TALE II (Record no. 7315)

MARC details
000 -LEADER
fixed length control field 00289nam a22001337a 4500
082 ## - DEWEY DECIMAL CLASSIFICATION NUMBER
Classification number 823
Item number PRA/T
100 ## - MAIN ENTRY--AUTHOR NAME
Personal name PRABITHA
100 ## - MAIN ENTRY--AUTHOR NAME
Personal name NATH, SURESH
245 ## - TITLE STATEMENT
Title A TREASURE OF TALE II
260 ## - PUBLICATION, DISTRIBUTION, ETC. (IMPRINT)
Place of publication DELHI
Name of publisher S CHAND & CO
Year of publication 1997
300 ## - PHYSICAL DESCRIPTION
Number of Pages 74
650 ## - SUBJECT ADDED ENTRY--TOPICAL TERM
Topical Term ENGLISH STORY
Geographic subdivision INDIA
942 ## - ADDED ENTRY ELEMENTS (KOHA)
Koha item type Books
Holdings
Withdrawn status Lost status Collection code Home library Current library Date acquired Source of acquisition Cost, normal purchase price Full call number Accession Number Koha item type
Withdrawn Damaged Item Fiction Main Library Main Library 07/03/2002 purchase 23.00 823 PRA/T 00279 Books